[Event "Osasco Tasoko Memorial"]
[Site "Osasco"]
[Date "2024.03.18"]
[Round "1"]
[White "De Carvalho, Vitor Augusto Ponci"]
[Black "Bobadilla Viera, Jorge Samuel"]
[Result "1/2-1/2"]
[WhiteElo "2134"]
[BlackElo "2397"]
[PlyCount "122"]
[EventDate "2024.03.18"]
[EventType "tourn"]
[EventRounds "9"]
[EventCountry "BRA"]
[EventCategory "6"]
[SourceTitle "CB13_2024"]
[SourceDate "2024.03.27"]
[SourceVersion "1"]
[SourceVersionDate "2024.03.27"]
[SourceQuality "1"]

1. e4 e6 2. d4 d5 3. exd5 exd5 4. Bd3 Nc6 5. c3 Bd6 6. Ne2 Nf6 7. Bf4 Ne7 8. Qc2 Bxf4 9. Nxf4 Qd6 10. Ne2 g6 11. Nd2 Bf5 12. h3 h5 13. Nf3 Bxd3 14. Qxd3 Ne4 15. Nd2 Nxd2 16. Qxd2 0-0-0 17. 0-0-0 Qa6 18. Kb1 Nf5 19. Rhe1 Nd6 20. Nc1 Rhe8 21. Rxe8 Rxe8 22. Re1 Qb5 23. Rxe8+ Qxe8 24. Qe2 Qe4+ 25. Qxe4 dxe4 26. Kc2 g5 27. f3 exf3 28. gxf3 Kd7 29. Kd3 Ke6 30. b3 f5 31. c4 Ne8 32. Ne2 Nf6 33. d5+ Ke5 34. Nd4 g4 35. fxg4 fxg4 36. hxg4 Nxg4 37. Ne6 h4 38. Ke2 h3 39. Kf3 c6 40. Nd8 h2 41. Kg2 cxd5 42. cxd5 Kxd5 43. Nxb7 Kd4 44. Na5 Ne5 45. Kxh2 Kc5 46. Kg3 Kb4 47. Kf4 Ng6+ 48. Kg5 Kxa5 49. Kxg6 Kb4 50. Kf5 Ka3 51. Ke4 Kxa2 52. b4 Kb3 53. Kd3 a6 54. Kd2 Kxb4 55. Kc2 Ka3 56. Kb1 a5 57. Ka1 a4 58. Kb1 Kb3 59. Ka1 a3 60. Kb1 a2+ 61. Ka1 Ka3 1/2-1/2

[Event "Florianopolis op 10th"]
[Site "Florianopolis"]
[Date "2024.01.27"]
[Round "9"]
[White "Roselli Mailhe, Bernardo"]
[Black "De Carvalho, Vitor Augusto Ponci"]
[Result "1/2-1/2"]
[WhiteElo "2364"]
[BlackElo "2124"]
[PlyCount "89"]
[EventDate "2024.01.20"]
[EventType "swiss"]
[EventRounds "10"]
[EventCountry "BRA"]
[SourceTitle "CB05_2024"]
[SourceDate "2024.01.31"]
[SourceVersion "1"]
[SourceVersionDate "2024.01.31"]
[SourceQuality "1"]

1. d4 Nf6 2. c4 g6 3. Nc3 d5 4. Nf3 Bg7 5. Bg5 Ne4 6. Bf4 Nxc3 7. bxc3 0-0 8. e3 c5 9. cxd5 cxd4 10. cxd4 Qxd5 11. Be2 Nc6 12. 0-0 Bf5 13. Qa4 Qa5 14. Qxa5 Nxa5 15. Nd2 Rac8 16. g4 Be6 17. Rfc1 Rxc1+ 18. Rxc1 Rc8 19. Rxc8+ Bxc8 20. Bf3 Nc6 21. Bxc6 bxc6 22. g5 f6 23. Bb8 a6 24. gxf6 exf6 25. Bd6 f5 26. Kf1 g5 27. Ke2 Be6 28. a3 Kf7 29. Kd3 g4 30. Nc4 Bxc4+ 31. Kxc4 Ke6 32. Kc5 Kd7 33. a4 Bf6 34. Bf4 Bd8 35. Bg3 h5 36. Bf4 Ba5 37. Be5 Be1 38. Bg3 Ba5 39. d5 cxd5 40. Kxd5 Bc3 41. Bh4 Bb2 42. Kc5 Bc3 43. Kb6 a5 44. Kc5 Ke6 45. Bg3 1/2-1/2

[Event "Florianopolis op 10th"]
[Site "Florianopolis"]
[Date "2024.01.23"]
[Round "5"]
[White "Molina, Roberto Junio Brito"]
[Black "De Carvalho, Vitor Augusto Ponci"]
[Result "1-0"]
[WhiteElo "2381"]
[BlackElo "2124"]
[PlyCount "23"]
[EventDate "2024.01.20"]
[EventType "swiss"]
[EventRounds "10"]
[EventCountry "BRA"]
[SourceTitle "CB05_2024"]
[SourceDate "2024.01.31"]
[SourceVersion "1"]
[SourceVersionDate "2024.01.31"]
[SourceQuality "1"]

1. d4 Nf6 2. c4 g6 3. f3 d5 4. cxd5 Nxd5 5. e4 Nb6 6. Nc3 Bg7 7. Be3 Nc6 8. d5 Na5 9. Bd4 f6 10. Bxb6 axb6 11. b4 f5 12. Rc1 1-0

[Event "Florianopolis op 10th"]
[Site "Florianopolis"]
[Date "2024.01.20"]
[Round "1"]
[White "Santiago, Mauro"]
[Black "De Carvalho, Vitor Augusto Ponci"]
[Result "1/2-1/2"]
[WhiteElo "1516"]
[BlackElo "2124"]
[PlyCount "106"]
[EventDate "2024.01.20"]
[EventType "swiss"]
[EventRounds "10"]
[EventCountry "BRA"]
[SourceTitle "CB05_2024"]
[SourceDate "2024.01.31"]
[SourceVersion "1"]
[SourceVersionDate "2024.01.31"]
[SourceQuality "1"]

1. d4 Nf6 2. c4 g6 3. Nf3 Bg7 4. Nc3 d5 5. cxd5 Nxd5 6. e4 Nxc3 7. bxc3 c5 8. Be3 Qa5 9. Qb3 0-0 10. Bc4 cxd4 11. Nxd4 Nd7 12. 0-0 Nb6 13. Rac1 Bd7 14. Be2 Rfc8 15. f4 Na4 16. c4 Nc5 17. Qc2 e5 18. Nb3 Nxb3 19. axb3 exf4 20. Bxf4 Re8 21. Bf3 Bc6 22. c5 Qb4 23. Rfe1 f5 24. Qc4+ Qxc4 25. Rxc4 Re6 26. Bg3 Rae8 27. e5 Bxe5 28. Rxe5 Rxe5 29. Bxe5 Rxe5 30. Bxc6 bxc6 31. b4 Kf7 32. Rd4 Ke7 33. Kf2 g5 34. Kf3 a6 35. g4 f4 36. Rd6 Re3+ 37. Kf2 Re6 38. Rd4 h6 39. Kf3 Re3+ 40. Kf2 Re5 41. Rd6 Re6 42. Rd4 Kf6 43. Kf3 Re3+ 44. Kf2 Re6 45. Kf3 h5 46. gxh5 Kf5 47. Rd6 g4+ 48. Kf2 Re4 49. h6 Rxb4 50. h7 Rb2+ 51. Kg1 Rb1+ 52. Kf2 Rb2+ 53. Kg1 Rb1+ 1/2-1/2

[Event "Sao Carlos Paulista-ch op"]
[Site "Sao Carlos"]
[Date "2023.09.08"]
[Round "4"]
[White "Viveiros, Anderson Felipe"]
[Black "De Carvalho, Vitor Augusto Ponci"]
[Result "0-1"]
[WhiteElo "1782"]
[BlackElo "2158"]
[PlyCount "60"]
[EventDate "2023.09.07"]
[EventType "swiss"]
[EventRounds "7"]
[EventCountry "BRA"]
[SourceTitle "EXT 2024"]
[Source "ChessBase"]
[SourceDate "2023.10.10"]
[SourceVersion "1"]
[SourceVersionDate "2023.10.10"]
[SourceQuality "1"]

1. e4 c5 2. Nc3 e6 3. g3 Nc6 4. Bg2 g6 5. d3 Bg7 6. Be3 d6 7. Qd2 Rb8 8. Nge2 Nd4 9. 0-0 b5 10. Nc1 Ne7 11. Nd1 0-0 12. c3 Ndc6 13. Bh6 d5 14. Ne2 dxe4 15. dxe4 Ne5 16. Qxd8 Rxd8 17. Be3 Nd7 18. Bf4 e5 19. Bg5 f6 20. Bc1 Nb6 21. Be3 c4 22. f3 Be6 23. Rc1 Nc6 24. Rc2 Na4 25. Bc1 b4 26. Rd2 Bf8 27. f4 Bc5+ 28. Kh1 Rxd2 29. Bxd2 Rd8 30. Bc1 Bg4 0-1

[Event "Sao Carlos Paulista-ch op"]
[Site "Sao Carlos"]
[Date "2023.09.07"]
[Round "1"]
[White "De Carvalho, Vitor Augusto Ponci"]
[Black "Romero, Lila Angelica"]
[Result "1-0"]
[WhiteElo "2158"]
[BlackElo "1329"]
[PlyCount "65"]
[EventDate "2023.09.07"]
[EventType "swiss"]
[EventRounds "7"]
[EventCountry "BRA"]
[SourceTitle "EXT 2024"]
[Source "ChessBase"]
[SourceDate "2023.10.10"]
[SourceVersion "1"]
[SourceVersionDate "2023.10.10"]
[SourceQuality "1"]

1. e4 c6 2. d4 d5 3. e5 Bf5 4. h4 h6 5. g4 Bg6 6. e6 fxe6 7. Bd3 Bf7 8. Nf3 Nd7 9. Ne5 Nxe5 10. dxe5 d4 11. Qe2 Qc7 12. Nd2 g6 13. Nf3 Bg7 14. Bd2 0-0-0 15. 0-0-0 c5 16. c3 Be8 17. cxd4 c4 18. Be4 Bc6 19. Bc3 b5 20. Rhe1 Bd5 21. Qd2 Rf8 22. Nh2 g5 23. h5 Rf4 24. f3 Qb7 25. Qc2 b4 26. Bd2 Rf8 27. Qa4 b3 28. axb3 cxb3 29. Re3 Nf6 30. exf6 Bxf6 31. Bxd5 Qxd5 32. Rxb3 Bxd4 33. Bc3 1-0

[Event "Paulista-chTA"]
[Site "Sao Paulo"]
[Date "2023.03.04"]
[Round "2"]
[White "De Carvalho, Vitor Augusto Ponci"]
[Black "Pacheco, Helcio Alexandre"]
[Result "1/2-1/2"]
[WhiteElo "2090"]
[BlackElo "2132"]
[PlyCount "32"]
[EventDate "2023.03.03"]
[EventType "team-tourn"]
[EventRounds "5"]
[EventCountry "BRA"]
[SourceTitle "CBM 213 Extra"]
[Source "ChessBase"]
[SourceDate "2023.05.31"]
[SourceVersion "1"]
[SourceVersionDate "2023.05.31"]
[SourceQuality "1"]
[WhiteTeam "Osasco"]
[BlackTeam "Kiin Meijin"]
[WhiteTeamCountry "BRA"]
[BlackTeamCountry "BRA"]

1. e4 e5 2. Nf3 Nc6 3. d4 exd4 4. Bc4 Nf6 5. 0-0 Nxe4 6. Re1 d5 7. Bxd5 Qxd5 8. Nc3 Qd7 9. Nxe4 Be7 10. Bg5 0-0 11. Bxe7 Qxe7 12. Nxd4 Bd7 13. Qh5 h6 14. Nxc6 Bxc6 15. Qc5 Qxc5 16. Nxc5 Rfe8 1/2-1/2

[Event "Paulista-chTA"]
[Site "Sao Paulo"]
[Date "2023.03.04"]
[Round "3"]
[White "De Oliveira, Guilherme Martins"]
[Black "De Carvalho, Vitor Augusto Ponci"]
[Result "0-1"]
[WhiteElo "1865"]
[BlackElo "2090"]
[PlyCount "90"]
[EventDate "2023.03.03"]
[EventType "team-tourn"]
[EventRounds "5"]
[EventCountry "BRA"]
[SourceTitle "CBM 213 Extra"]
[Source "ChessBase"]
[SourceDate "2023.05.31"]
[SourceVersion "1"]
[SourceVersionDate "2023.05.31"]
[SourceQuality "1"]
[WhiteTeam "PMFC"]
[BlackTeam "Osasco"]
[WhiteTeamCountry "BRA"]
[BlackTeamCountry "BRA"]

1. c4 Nf6 2. g3 g6 3. Bg2 Bg7 4. Nc3 0-0 5. d3 c6 6. e4 e5 7. Nge2 d6 8. 0-0 a6 9. a4 a5 10. h3 Na6 11. Be3 Nb4 12. f4 Nd7 13. f5 Nc5 14. Nc1 b6 15. g4 gxf5 16. exf5 d5 17. cxd5 cxd5 18. g5 f6 19. d4 exd4 20. Bxd4 Ba6 21. gxf6 Bxf6 22. Bxf6 Qxf6 23. Nxd5 Nxd5 24. Bxd5+ Kh8 25. Rf2 Rad8 26. Qf3 Qd4 27. Bc6 Rd6 28. Ba8 Rg8+ 29. Kh2 Qe5+ 30. Qf4 Qxf4+ 31. Rxf4 Rd2+ 32. Kh1 Rd1+ 33. Kh2 Rxa8 34. Nb3 Rxa1 35. Nxa1 Bd3 36. f6 Kg8 37. b4 axb4 38. Rxb4 Rxa4 39. Rxb6 Rxa1 40. Rc6 Rc1 41. Rc7 Rc2+ 42. Kg1 Ne6 43. Rd7 Nf4 44. Rg7+ Kf8 45. h4 Nh3+ 0-1

[Event "Araraquara op"]
[Site "Araraquara"]
[Date "2023.02.20"]
[Round "3.9"]
[White "De Carvalho, Vitor Augusto Ponci"]
[Black "Pereira da Silva, Breno D Alkmin"]
[Result "0-1"]
[WhiteElo "2148"]
[BlackElo "1922"]
[PlyCount "103"]
[EventDate "2023.02.19"]
[EventType "swiss"]
[EventRounds "6"]
[EventCountry "BRA"]
[SourceTitle "CBM 213 Extra"]
[Source "ChessBase"]
[SourceDate "2023.05.31"]
[SourceVersion "1"]
[SourceVersionDate "2023.05.31"]
[SourceQuality "1"]

1. e4 c5 2. Nf3 Nc6 3. d4 cxd4 4. Nxd4 g6 5. c4 Nf6 6. Nc3 Nxd4 7. Qxd4 d6 8. Be3 Bg7 9. f3 0-0 10. Qd2 Be6 11. Rc1 Nd7 12. Be2 a6 13. 0-0 Rc8 14. b3 f5 15. exf5 Rxf5 16. f4 Qa5 17. Bg4 Bxc3 18. Rxc3 Rf6 19. b4 Qxb4 20. Bxe6+ Rxe6 21. Qd5 Nf8 22. Bd4 Rc5 23. Bxc5 Qxc3 24. Bd4 Qd3 25. f5 gxf5 26. Rxf5 Qb1+ 27. Kf2 Qe1+ 28. Kf3 Ng6 29. Bf2 Qe2+ 30. Kg3 Qe4 31. Qxe4 Rxe4 32. c5 Ra4 33. cxd6 exd6 34. Rd5 Ra3+ 35. Kg4 Rxa2 36. Bg3 Ne5+ 37. Bxe5 dxe5 38. Kf3 b5 39. Rxe5 b4 40. Re8+ Kf7 41. Rb8 a5 42. Rb5 Ra3+ 43. Ke4 b3 44. Kd4 a4 45. Kc3 Ra2 46. Ra5 b2 47. Kc2 a3 48. Rf5+ Ke6 49. Rf1 Ra1 50. Rb1 Kd5 51. g4 Kc4 52. Rxb2 0-1

[Event "Araraquara op"]
[Site "Araraquara"]
[Date "2023.02.20"]
[Round "4.13"]
[White "De Mello, Rodrigo"]
[Black "De Carvalho, Vitor Augusto Ponci"]
[Result "1-0"]
[WhiteElo "1830"]
[BlackElo "2148"]
[PlyCount "67"]
[EventDate "2023.02.19"]
[EventType "swiss"]
[EventRounds "6"]
[EventCountry "BRA"]
[SourceTitle "CBM 213 Extra"]
[Source "ChessBase"]
[SourceDate "2023.05.31"]
[SourceVersion "1"]
[SourceVersionDate "2023.05.31"]
[SourceQuality "1"]

1. e4 c5 2. Nf3 e6 3. c3 Nf6 4. d3 Nc6 5. Bg5 Be7 6. Be2 h6 7. Bh4 0-0 8. Nbd2 d5 9. 0-0 e5 10. Re1 Be6 11. exd5 Nxd5 12. Bxe7 Ndxe7 13. Nc4 Ng6 14. Bf1 Qc7 15. Ncd2 Rad8 16. Qc2 Rd7 17. Rac1 Rc8 18. Ne4 b6 19. Red1 Rcd8 20. h3 Nf4 21. Rd2 Bf5 22. Rcd1 Ne7 23. Qa4 Neg6 24. g4 Be6 25. d4 exd4 26. cxd4 f5 27. gxf5 Bxf5 28. dxc5 Rxd2 29. Rxd2 Bxh3 30. cxb6 Qc8 31. Rxd8+ Qxd8 32. b7 Bxf1 33. Qb3+ Kh7 34. b8Q 1-0

[Event "Araraquara op"]
[Site "Araraquara"]
[Date "2023.02.19"]
[Round "1.13"]
[White "De Carvalho, Vitor Augusto Ponci"]
[Black "Serafim, Paulo Rogerio"]
[Result "1-0"]
[WhiteElo "2148"]
[BlackElo "1468"]
[PlyCount "45"]
[EventDate "2023.02.19"]
[EventType "swiss"]
[EventRounds "6"]
[EventCountry "BRA"]
[SourceTitle "CBM 213 Extra"]
[Source "ChessBase"]
[SourceDate "2023.05.31"]
[SourceVersion "1"]
[SourceVersionDate "2023.05.31"]
[SourceQuality "1"]

1. e4 e6 2. Qe2 Be7 3. Nf3 Nf6 4. g3 d5 5. d3 c5 6. Bg2 Nc6 7. 0-0 0-0 8. e5 Nd7 9. c4 a6 10. h4 Rb8 11. Bf4 b5 12. cxd5 Na5 13. d6 Bxd6 14. exd6 Rb6 15. Nc3 Nb7 16. a4 bxa4 17. Nxa4 Rb4 18. d4 cxd4 19. Bd2 Rb5 20. Nxd4 Re5 21. Qd1 Qf6 22. Nc6 Rb5 23. Bg5 1-0

[Event "Araraquara op"]
[Site "Araraquara"]
[Date "2023.02.19"]
[Round "2.13"]
[White "De Godoy, Fernando Andre Rolf"]
[Black "De Carvalho, Vitor Augusto Ponci"]
[Result "0-1"]
[WhiteElo "1813"]
[BlackElo "2148"]
[PlyCount "56"]
[EventDate "2023.02.19"]
[EventType "swiss"]
[EventRounds "6"]
[EventCountry "BRA"]
[SourceTitle "CBM 213 Extra"]
[Source "ChessBase"]
[SourceDate "2023.05.31"]
[SourceVersion "1"]
[SourceVersionDate "2023.05.31"]
[SourceQuality "1"]

1. d4 Nf6 2. Nf3 g6 3. Bf4 Bg7 4. e3 0-0 5. h3 d5 6. Nbd2 c5 7. Be2 Nc6 8. c3 Qb6 9. Qc1 Bf5 10. g4 Be4 11. Nxe4 Nxe4 12. Nd2 e5 13. Nxe4 dxe4 14. dxc5 Qxc5 15. Bg3 f5 16. gxf5 gxf5 17. b4 Qb6 18. b5 Ne7 19. Qc2 Rac8 20. Rg1 f4 21. exf4 exf4 22. Bh4 Ng6 23. Kf1 f3 24. Qb3+ Kh8 25. Bc4 Nxh4 26. Rg4 Nf5 27. Be6 Rxc3 28. Qd5 Rc2 0-1

[Event "Florianopolis op 9th"]
[Site "Florianopolis"]
[Date "2023.01.29"]
[Round "10"]
[White "Viana da Costa, Fernando"]
[Black "De Carvalho, Vitor Augusto Ponci"]
[Result "1/2-1/2"]
[WhiteElo "2241"]
[BlackElo "2097"]
[PlyCount "79"]
[EventDate "2023.01.23"]
[EventType "swiss"]
[EventRounds "10"]
[EventCountry "BRA"]
[SourceTitle "CBM 212 Extra"]
[Source "ChessBase"]
[SourceDate "2023.03.31"]
[SourceVersion "1"]
[SourceVersionDate "2023.03.31"]
[SourceQuality "1"]

1. c4 Nf6 2. Nf3 g6 3. b3 Bg7 4. Bb2 0-0 5. d4 d5 6. e3 c5 7. Nbd2 cxd4 8. Nxd4 a6 9. Be2 dxc4 10. bxc4 Qc7 11. 0-0 e5 12. N4b3 Nc6 13. c5 Rd8 14. Qc1 Bg4 15. Bxg4 Nxg4 16. h3 Nf6 17. Nc4 Nd5 18. Rd1 b5 19. Nd6 Nf6 20. a4 Rab8 21. axb5 axb5 22. Qc2 Ne8 23. Rac1 Rd7 24. f4 b4 25. f5 Rbd8 26. fxg6 hxg6 27. Nc4 Rxd1+ 28. Rxd1 Rxd1+ 29. Qxd1 Bf8 30. Qa1 Qd7 31. Nxe5 Nxe5 32. Bxe5 Qd5 33. Qb2 Bxc5 34. Nxc5 Qxc5 35. Bd4 Qc4 36. Qf2 b3 37. Qh4 Qc1+ 38. Kh2 Qc7+ 39. Kg1 Qc1+ 40. Kh2 1/2-1/2

[Event "Niteroi op 2nd"]
[Site "Niteroi"]
[Date "2022.09.07"]
[Round "9"]
[White "De Carvalho, Vitor Augusto Ponci"]
[Black "Silva, Kaua Marques"]
[Result "1-0"]
[WhiteElo "2058"]
[BlackElo "2199"]
[PlyCount "69"]
[EventDate "2022.09.01"]
[EventType "swiss"]
[EventRounds "9"]
[EventCountry "BRA"]
[SourceTitle "EXT 2024"]
[Source "ChessBase"]
[SourceDate "2023.10.10"]
[SourceVersion "1"]
[SourceVersionDate "2023.10.10"]
[SourceQuality "1"]

1. e4 c5 2. Nf3 Nc6 3. g3 g6 4. Bg2 Bg7 5. 0-0 e5 6. c3 Nge7 7. d3 0-0 8. a3 d6 9. b4 a6 10. Be3 b6 11. Qc1 Bb7 12. Bh6 Rc8 13. Bxg7 Kxg7 14. Qb2 b5 15. Nbd2 f6 16. Rfd1 Qb6 17. Nf1 a5 18. Ne3 cxb4 19. cxb4 axb4 20. axb4 Nd4 21. Nxd4 exd4 22. Nd5 Nxd5 23. exd5 Rc3 24. Re1 Rxd3 25. Re7+ Kh8 26. Qc1 g5 27. Be4 Rc3 28. Rxh7+ Kg8 29. Qd1 Bxd5 30. Qh5 Bxe4 31. Rh8+ Kg7 32. Qh6+ Kf7 33. Rxf8+ Ke6 34. Qxf6+ Kd5 35. Qf7+ 1-0

[Event "Mombaca op 6th"]
[Site "Mombaca"]
[Date "2022.08.21"]
[Round "5"]
[White "Lage, Pedro Ferreira"]
[Black "De Carvalho, Vitor Augusto Ponci"]
[Result "1/2-1/2"]
[WhiteElo "2119"]
[BlackElo "2045"]
[PlyCount "39"]
[EventDate "2022.08.19"]
[EventType "swiss"]
[EventRounds "6"]
[EventCountry "BRA"]
[SourceTitle "CBM 210 Extra"]
[Source "ChessBase"]
[SourceDate "2022.11.30"]
[SourceVersion "1"]
[SourceVersionDate "2022.11.30"]
[SourceQuality "1"]

1. Nf3 Nf6 2. c4 d5 3. cxd5 Nxd5 4. d4 g6 5. g3 Bg7 6. Bg2 0-0 7. 0-0 Nc6 8. e4 Nb6 9. d5 Na5 10. Nc3 c6 11. Re1 cxd5 12. exd5 e6 13. Bg5 f6 14. Be3 Nxd5 15. Nxd5 Qxd5 16. Qxd5 exd5 17. Nd4 Rd8 18. Nb5 Bf5 19. Nc7 Rac8 20. Nxd5 1/2-1/2

[Event "Caxambu Casa do Xadrez op"]
[Site "Caxambu"]
[Date "2022.07.24"]
[Round "5"]
[White "Cominato Neto, Jose Luis"]
[Black "De Carvalho, Vitor Augusto Ponci"]
[Result "1/2-1/2"]
[WhiteElo "2275"]
[BlackElo "1999"]
[PlyCount "28"]
[EventDate "2022.07.22"]
[EventType "swiss"]
[EventRounds "6"]
[EventCountry "BRA"]
[SourceTitle "CBM 209 Extra"]
[Source "ChessBase"]
[SourceDate "2022.09.30"]
[SourceVersion "1"]
[SourceVersionDate "2022.09.30"]
[SourceQuality "1"]

1. e4 c5 2. Nf3 e6 3. g3 Nc6 4. Bg2 Nf6 5. Nc3 d5 6. exd5 Nxd5 7. Nxd5 Qxd5 8. 0-0 Be7 9. d3 0-0 10. Be3 Bd8 11. Ng5 Qe5 12. Bf4 Qf6 13. Ne4 Qg6 14. Be3 b6 1/2-1/2

[Event "Caxambu Casa do Xadrez op"]
[Site "Caxambu"]
[Date "2022.07.23"]
[Round "3"]
[White "Molina, Roberto Junio Brito"]
[Black "De Carvalho, Vitor Augusto Ponci"]
[Result "1/2-1/2"]
[WhiteElo "2400"]
[BlackElo "1999"]
[PlyCount "108"]
[EventDate "2022.07.22"]
[EventType "swiss"]
[EventRounds "6"]
[EventCountry "BRA"]
[SourceTitle "CBM 209 Extra"]
[Source "ChessBase"]
[SourceDate "2022.09.30"]
[SourceVersion "1"]
[SourceVersionDate "2022.09.30"]
[SourceQuality "1"]

1. d4 Nf6 2. c4 g6 3. Nc3 d5 4. cxd5 Nxd5 5. e4 Nxc3 6. bxc3 Bg7 7. Bg5 c5 8. Rc1 Qa5 9. Qd2 0-0 10. d5 e6 11. Nf3 exd5 12. exd5 Re8+ 13. Be2 Nd7 14. d6 Nb6 15. 0-0 Bd7 16. Rfe1 c4 17. Be7 Rac8 18. Nd4 Nd5 19. Bf3 Nxe7 20. Rxe7 Rxe7 21. dxe7 Re8 22. Bxb7 Rxe7 23. Nc6 Bxc6 24. Bxc6 h6 25. g3 Kh7 26. Bg2 Qg5 27. Qxg5 hxg5 28. Bd5 Kg8 29. Bxc4 Rc7 30. Bb3 Bxc3 31. Rd1 Kg7 32. Kg2 Bf6 33. Rd5 Be7 34. Rb5 Bc5 35. Kf3 Kf6 36. Ke2 Re7+ 37. Kf1 Bb6 38. Rd5 Rc7 39. h3 Rc5 40. Rd7 Rc7 41. Rd6+ Ke7 42. Rd4 Kf6 43. Rd3 Ke7 44. Ke2 Ke8 45. a4 Rc5 46. Kf1 Rf5 47. Rd2 Rc5 48. Kg2 Ke7 49. Re2+ Kf8 50. Rd2 Ke7 51. Bd1 Ke8 52. Bf3 Ke7 53. Bd5 Kf8 54. Bf3 Ke7 1/2-1/2

[Event "Florianopolis Winter op 6th"]
[Site "Florianopolis"]
[Date "2022.07.16"]
[Round "8"]
[White "De Carvalho, Vitor Augusto Ponci"]
[Black "Cordeiro, Marco Aurelio Zaror"]
[Result "0-1"]
[WhiteElo "1999"]
[BlackElo "2125"]
[PlyCount "54"]
[EventDate "2022.07.13"]
[EventType "swiss"]
[EventRounds "9"]
[EventCountry "BRA"]
[SourceTitle "CBM 209 Extra"]
[Source "ChessBase"]
[SourceDate "2022.09.30"]
[SourceVersion "1"]
[SourceVersionDate "2022.09.30"]
[SourceQuality "1"]

1. e4 Nf6 2. e5 Nd5 3. d4 d6 4. Nf3 Bg4 5. Be2 e6 6. 0-0 Be7 7. c4 Nb6 8. exd6 cxd6 9. b3 0-0 10. Nc3 Nc6 11. a4 d5 12. c5 Nc8 13. b4 Bxf3 14. Bxf3 Nxb4 15. Rb1 a5 16. Ba3 b6 17. Bxb4 axb4 18. Rxb4 bxc5 19. dxc5 Bxc5 20. Rg4 Ne7 21. Qc1 Rc8 22. Qg5 Ng6 23. Qh5 Bxf2+ 24. Rxf2 Rxc3 25. Be2 Qb6 26. g3 Rc2 27. Kg2 f5 0-1

[Event "Florianopolis Winter op 6th"]
[Site "Florianopolis"]
[Date "2022.07.15"]
[Round "6"]
[White "De Carvalho, Vitor Augusto Ponci"]
[Black "Do Valle Cardoso, Lucas"]
[Result "1-0"]
[WhiteElo "1999"]
[BlackElo "2185"]
[PlyCount "59"]
[EventDate "2022.07.13"]
[EventType "swiss"]
[EventRounds "9"]
[EventCountry "BRA"]
[SourceTitle "CBM 209 Extra"]
[Source "ChessBase"]
[SourceDate "2022.09.30"]
[SourceVersion "1"]
[SourceVersionDate "2022.09.30"]
[SourceQuality "1"]

1. e4 e5 2. d4 exd4 3. Bc4 Nc6 4. Nf3 Nf6 5. 0-0 Nxe4 6. Re1 d5 7. Bxd5 Qxd5 8. Nc3 Qa5 9. Nxe4 Be6 10. Neg5 0-0-0 11. Nxe6 fxe6 12. Rxe6 Bd6 13. Bg5 Rde8 14. Qe1 Qxe1+ 15. Raxe1 Kd7 16. Rxe8 Rxe8 17. Rxe8 Kxe8 18. Kf1 Kd7 19. Bd2 h6 20. Ke2 Ke6 21. Kd3 Kd5 22. Nxd4 Ne5+ 23. Kc3 Ng4 24. f3 Nxh2 25. Kd3 Be5 26. c4+ Kd6 27. Bc3 g6 28. Ke2 c6 29. Kf2 Kd7 30. g3 1-0

[Event "Rio de Janeiro op"]
[Site "Rio de Janeiro"]
[Date "2022.04.24"]
[Round "6"]
[White "De Carvalho, Vitor Augusto Ponci"]
[Black "Rangel, Daniel"]
[Result "1/2-1/2"]
[WhiteElo "1904"]
[BlackElo "2207"]
[PlyCount "82"]
[EventDate "2022.04.21"]
[EventType "swiss"]
[EventRounds "6"]
[EventCountry "BRA"]
[SourceTitle "EXT 2023"]
[Source "ChessBase"]
[SourceDate "2022.10.05"]
[SourceVersion "1"]
[SourceVersionDate "2022.10.05"]
[SourceQuality "1"]

1. e4 c6 2. d4 d5 3. e5 c5 4. dxc5 e6 5. a3 Bxc5 6. b4 Bb6 7. Qg4 Kf8 8. Nf3 Nc6 9. Bd3 Qc7 10. Bb2 Nge7 11. 0-0 Nf5 12. c4 h5 13. Qf4 dxc4 14. Bxc4 Ncd4 15. Nxd4 Qxc4 16. Rc1 Nxd4 17. Rxc4 Ne2+ 18. Kf1 Nxf4 19. Rxf4 Bd7 20. h4 Bb5+ 21. Ke1 Rc8 22. Nc3 Bc6 23. Ne4 Bxe4 24. Rxe4 Ke7 25. Bd4 Rc2 26. Bxb6 axb6 27. Rd1 Rd8 28. Rxd8 Kxd8 29. Rd4+ Kc8 30. Rf4 Rc7 31. Kd2 b5 32. Rf3 Rd7+ 33. Ke3 Kd8 34. Ke4 Ke7 35. Rc3 f5+ 36. exf6+ Kxf6 37. Rc5 Rd2 38. Ke3 Ra2 39. Rxb5 Rxa3+ 40. Ke4 Ra2 41. Ke3 Ra3+ 1/2-1/2